000 00715nam a2200241 a 4500
008
020 _a0471191019 (pbk.)
049 _aMAIN
090 0 _aQA37.2
100 1 _aFanchi, John R.
245 1 0 _aMath refresher for scientists and engineers /
_cJohn R. Fanchi.
260 _aNew York :
_bWiley,
_cc1997.
300 _axii, 259 p. :
_bill. ;
_c24 cm.
500 _a"A Wiley-Interscience publication."
504 _aIncludes bibliographical references : p. 249-252.
500 _aIncludes index.
650 0 _aMathematics.
907 _a.b1008910x
_b17-09-03
_c16-09-03
003
005 20230123133423.0
040 _cNUST
942 _cBOOKS
_kQA37.2
999 _c148271
_d148271